书目信息 |
| 题名: |
马克思主义哲学的人学致思理路
|
|
| 作者: | 康渝生 著 | |
| 分册: | ||
| 出版信息: | 北京 社会科学文献出版社 2004 |
|
| 页数: | 278页 | |
| 开本: | 21cm | |
| 丛书名: | 中国高校人文社会科学精品大系 | |
| 单 册: | ||
| 中图分类: | B038 | |
| 科图分类: | ||
| 主题词: | 马克思主义哲学--人学--研究 | |
| 电子资源: | ||
| ISBN: | 7-80190-374-9 | |
| 000 | 01293nam0 2200337 450 | |
| 000 | 01256nam0 2200325 450 | |
| 000 | 01249nam0 2200337 450 | |
| 000 | 01195nam0 2200313 450 | |
| 000 | 01224nam0 2200301 450 | |
| 000 | 01187nam0 2200289 45 | |
| 001 | TS2006023255 | |
| 005 | 20061207153046.35 | |
| 010 | @a7-80190-374-9@dCNY20.00 | |
| 100 | @a20060829d2004 em y0chiy0110 ea | |
| 101 | 0 | @achi |
| 102 | @aCN@b230000 | |
| 105 | @ay z 000yy | |
| 200 | 1 | @a马克思主义哲学的人学致思理路@Ama ke si zhu yi zhe xue de ren xue zhi si li lu@f康渝生著@FKang Yu Sheng Zhu |
| 210 | @a北京@c社会科学文献出版社@d2004 | |
| 215 | @a278页@d21cm | |
| 225 | 2 | @a中国高校人文社会科学精品大系@i黑龙江大学人文论丛 |
| 330 | @a本书对马克思主义人学思维的历史渊源、马克思主义人学思维方式的生成逻辑过程、人学致思理路的理论及现实意义进行梳理与解读,系统展示出马克思主义的人学思想。 | |
| 410 | 0 | @12001 @a黑龙江大学人文论丛 |
| 510 | 1 | @aReflecting Route of Theory on Man for Marxism Philosophy@zeng |
| 606 | 0 | @a马克思主义哲学@x人学@x研究 |
| 690 | @aB038@v4 | |
| 701 | 0 | @a康渝生@Akang yu sheng@f(1950~)@4著 |
| 801 | 0 | @aCN@b中图数据@c20061207 |
| 905 | @a10447@dB038@e35 | |
| 马克思主义哲学的人学致思理路/康渝生著.-北京:社会科学文献出版社,2004 |
| 278页;21cm.-(中国高校人文社会科学精品大系.黑龙江大学人文论丛) |
| ISBN 7-80190-374-9:CNY20.00 |
| 本书对马克思主义人学思维的历史渊源、马克思主义人学思维方式的生成逻辑过程、人学致思理路的理论及现实意义进行梳理与解读,系统展示出马克思主义的人学思想。 |
| ● |
| 相关链接 |
|
|
|
|
正题名:马克思主义哲学的人学致思理路
索取号:B038/35
 
预约/预借
| 序号 | 登录号 | 条形码 | 馆藏地/架位号 | 状态 | 备注 |
| 1 | 0617166 | 206171667 | 第一样本阅览室/ [索取号:B038/35] | 在馆 | |
| 2 | 0617167 | 206171676 | 第一借阅区/ [索取号:B038/35] | 在馆 | |
| 3 | 0617168 | 206171685 | 第一借阅区/ [索取号:B038/35] | 在馆 | |
| 4 | 0617169 | 206171694 | 第一借阅区/ [索取号:B038/35] | 在馆 | |
| 5 | 0617170 | 206171701 | 第一借阅区/ [索取号:B038/35] | 在馆 | |
| 6 | 0617171 | 206171710 | 第一借阅区/ [索取号:B038/35] | 在馆 |